| 000 | 00689nam a22001815i 4500 | ||
|---|---|---|---|
| 001 | 161418 | ||
| 003 | ES-MaACL | ||
| 005 | 20230906212300.0 | ||
| 008 | 041020s1895 sp ac |||| | spa d | ||
| 040 |
_aCAM _bspa _cCAM |
||
| 100 | 1 |
_aPardo y Sarmiento, Manuel. _9130842 |
|
| 245 | 1 | 0 |
_aVersos / _cManuel Pardo y Sarmiento. |
| 260 |
_aMadrid : _b[s.n.], _c1895 ( _fViuda e Hijos de Tello) |
||
| 300 |
_a152, [2] p., [1] h. lám. ; _c18 cm. |
||
| 597 | _aPort. a dos tintas. | ||
| 599 | _aLa h. de lám., retrato del autor. | ||
| 852 |
_aES-MaACL _jG-13247 _z-- Enc. hol., conservando la cub. original _z-- Ejemp. n. 148 de una tirada de 150 ejemp., con ded. ms. para el Ateneo de Madrid |
||
| 999 |
_c161418 _d161418 |
||